BASIC ELECTRICAL INSTALLATION WORK (Record no. 5687)

MARC details
000 -LEADER
fixed length control field 00368nam a22001457a 4500
005 - DATE AND TIME OF LATEST TRANSACTION
control field 20180413105113.0
008 - FIXED-LENGTH DATA ELEMENTS--GENERAL INFORMATION
fixed length control field 180413b xxu||||| |||| 00| 0 eng d
020 ## - INTERNATIONAL STANDARD BOOK NUMBER
ISBN 978-0-7506-8751-5
041 ## - LANGUAGE CODE
Language code of text/sound track or separate title eng
082 ## - DEWEY DECIMAL CLASSIFICATION NUMBER
Classification number 621.3
Item number 22333
100 ## - MAIN ENTRY--AUTHOR NAME
Personal name Linsley, Trevor
245 ## - TITLE STATEMENT
Title BASIC ELECTRICAL INSTALLATION WORK
260 ## - PUBLICATION, DISTRIBUTION, ETC. (IMPRINT)
Place of publication AMSTERDAM
Name of publisher ELSEVIER
Year of publication 2008
942 ## - ADDED ENTRY ELEMENTS (KOHA)
Koha item type Books
Holdings
Lost status Damaged status Home library Current library Shelving location Date acquired Source of acquisition Full call number Accession Number Koha item type
    JRU Library   SHELF-6-E 13/04/2018 XEROX BOOK 621.3 22333 Books